Tous les Enfoirés depuis 2020 - Statistiques

Statistiques générales
  • Ce quiz a été pris 50 fois
    19 depuis la dernière actualisation
  • Le résultat moyen est 66 sur 112
Statistiques - réponses
Nombre de participations Métier Célébrité % Correct
15 Chanteur/Harmonica Christophe Maé
93%
2 Footballeur Kylian Mbappé
93%
20 Chanteuse Amel Bent
86%
3 Rugbyman Antoine Dupont
86%
16 Chanteur Christophe Willem
86%
8 Chanteur Florent Pagny
86%
18 Acteur Gérard Jugnot
86%
23 Chanteur/Guitariste Jean-Louis Aubert
86%
22 Chanteuse Jenifer
86%
10 Humoriste Mickael Youn
86%
30 Actrice Mimie Mathy
86%
9 Chanteur M Pokora
86%
14 Imitateur Nicolas Canteloup
86%
19 Chanteuse Nolwenn Leroy
86%
12 Rugbyman Sébastien Chabal
86%
6 Chanteuse Vitaa
86%
11 Chanteuse Zaz
86%
30 Chanteuse Zazie
86%
7 Chanteur Amir
79%
14 Chanteur Bénabar
79%
9 Actrice Elodie Fontan
79%
2 Chanteuse Jain
79%
5 Chanteur Jérémy Frérot
79%
9 Chanteur Kendji Girac
79%
5 Chanteuse Lara Fabian
79%
26 Humoriste Michèle Laroque
79%
34 Chanteur Patrick Bruel
79%
28 Chanteur Patrick Fiori
79%
9 Acteur Philippe Lacheau
79%
3 Chanteuse Santa
79%
5 Chanteur Slimane
79%
4 Astronaute Thomas Pesquet
79%
1 Pongiste Alexis Lebrun
71%
21 Chanteuse Claire Keim
71%
8 Chanteur/Accordéon Claudio Capeo
71%
1 Pongiste Félix Lebrun
71%
1 Chanteuse Héléna
71%
7 Actrice Isabelle Nanty
71%
18 Acteur Kad Merad
71%
24 Chanteuse Lorie Pester
71%
1 Chanteuse Marine
71%
1 Directeur Star Ac Michael Goldman
71%
1 Chanteur Pierre Garnier
71%
6 Chanteur Vianney
71%
12 Chanteuse/Violoniste Catherine Lara
64%
18 Chanteur Garou
64%
3 Humoriste Ines Reg
64%
2 Chanteur Joseph Kamel
64%
9 Acteur Julien Arruti
64%
21 Chanteur Julien Clerc
64%
24 Rappeur MC Solaar
64%
1 Footballeur Ousmane Dembélé
64%
7 Chanteuse Shy'm
64%
4 Chanteuse Sofia Essaidi
64%
11 Chanteur Soprano
64%
5 Acteur Tarek Boudali
64%
1 Basketteur Tony Parker
64%
3 Chanteur Ycare
64%
1 Footballeuse Amandine Henry
57%
4 Acteur Arnaud Ducret
57%
1 Youtubeur Carlito
57%
3 Chanteur Gaëtan Roussel
57%
1 Humoriste Jarry
57%
9 Danseuse Marie-Agnès Gillot
57%
1 Youtubeur McFly
57%
3 Chanteuse Mentissa
57%
28 Chanteur/Guitariste Michael Jones
57%
1 Chanteuse Styleto
57%
1 Youtubeur Tibo Inshape
57%
2 Pilote F1 Esteban Ocon
50%
2 Acteur François-Xavier Demaison
50%
17 Chanteur/Acteur Jean-Baptiste Maunier
50%
4 Chanteuse Joyce Jonathan
50%
22 Chanteuse Liane Foly
50%
1 Chanteuse Maëlle
50%
18 Humoriste Muriel Robin
50%
22 Humoriste Pierre Palmade
50%
2 Acteur Alex Lutz
43%
4 Actrice Alice Pol
43%
1 Actrice Alice Taglioni
43%
3 Chanteuse Anne Sila
43%
2 Chanteuse Axelle Saint Cirel
43%
5 Mannequin/Chanteuse Carla Bruni
43%
3 Humoriste Claudia Tagbo
43%
1 Violoniste Esther Abrami
43%
1 Humoriste/Acteur Kev Adams
43%
2 Violoniste Renaud Capuçon
43%
3 Humoriste/Acteur Ary Abittan
36%
1 Duo chanteurs Boulevard des Airs
36%
1 Chanteuse Camelia Jordana
36%
1 Chanteuse Héléna Noguerra
36%
1 Trompettiste Ibrahim Maalouf
36%
3 Troupe de danse Mega Unity
36%
1 Groupe de musique Offenbach
36%
6 Chanteur Raphaël
36%
9 Chanteur Thomas Dutronc
36%
1 Canoë Tony Estanguet
36%
2 Chanteur Alain Chamfort
29%
3 Chanteur Black M
29%
4 Humoriste/Acteur Dany Boon
29%
4 Humoriste Elie Semoun
29%
4 Chanteuse Jane Birkin
29%
1 Joueuse de tennis Pauline Déroulède
29%
6 Chanteuse Véronique Sanson
29%
1 Acteur Arnaud Toupense
21%
1 Réalisateur Claude Lelouch
21%
1 Actrice Marie Colin
21%
3 Chanteuse Philippine Lavrey
21%
2 Danseur Germain Louvet
14%
2 Humoriste Malik Benthala
14%
1 Danseur Marc Moreau
14%
10 Chanteuse Vanessa Paradis
14%
Aucun quiz correspondant
Distribution des résultats
% des personnes avec chaque résultat
Percentile par nombre de réponses
Votre historique - résultats
Vous n’avez pas pris ce quiz depuis la dernière actualisation